Principles and practice of nursing / (Record no. 323)

MARC details
000 -LEADER
fixed length control field 00544nam a22001937a 4500
003 - CONTROL NUMBER IDENTIFIER
control field OSt
005 - DATE AND TIME OF LATEST TRANSACTION
control field 20210215120149.0
008 - FIXED-LENGTH DATA ELEMENTS--GENERAL INFORMATION
fixed length control field 210215b ||||| |||| 00| 0 eng d
020 ## - INTERNATIONAL STANDARD BOOK NUMBER
International Standard Book Number 9789350253762
040 ## - CATALOGING SOURCE
Original cataloging agency PHNSL
Transcribing agency PHNSL
100 ## - MAIN ENTRY--PERSONAL NAME
Personal name Birpuri, Shakuntia Sharma
245 ## - TITLE STATEMENT
Title Principles and practice of nursing /
Statement of responsibility, etc. Shkuntia Sharma Birpuni.
250 ## - EDITION STATEMENT
Edition statement 2nd ed.
260 ## - PUBLICATION, DISTRIBUTION, ETC.
Place of publication, distribution, etc. New Delhi :
Name of publisher, distributor, etc. Jaypee,
Date of publication, distribution, etc. 2012.
300 ## - PHYSICAL DESCRIPTION
Extent xiii, 558 p. :
Other physical details ill.
504 ## - BIBLIOGRAPHY, ETC. NOTE
Bibliography, etc. note Includes bibliographical references and index
650 ## - SUBJECT ADDED ENTRY--TOPICAL TERM
Topical term or geographic name entry element Nursing
942 ## - ADDED ENTRY ELEMENTS (KOHA)
Source of classification or shelving scheme Library of Congress Classification
Koha item type Books
Holdings
Withdrawn status Lost status Source of classification or shelving scheme Damaged status Not for loan Home library Current library Shelving location Date acquired Full call number Barcode Date last seen Copy number Price effective from Koha item type Public note
    Library of Congress Classification     Public Health Nurses School Public Health Nurses School General Stacks 02/15/2021 RT41.B53 00819 02/15/2021 c.1 02/15/2021 Books ekp 15/02/21
    Library of Congress Classification     Public Health Nurses School Public Health Nurses School General Stacks 02/15/2021 RT41.B53 00820 02/15/2021 c.2 02/15/2021 Books ekp 15/02/21
    Library of Congress Classification     Public Health Nurses School Public Health Nurses School General Stacks 02/15/2021 RT41.B53 00821 02/15/2021 c.3 02/15/2021 Books ekp 15/02/21
    Library of Congress Classification     Public Health Nurses School Public Health Nurses School General Stacks 02/15/2021 RT41.B53 00822 02/15/2021 c.4 02/15/2021 Books ekp 15/02/21
    Library of Congress Classification     Public Health Nurses School Public Health Nurses School General Stacks 02/15/2021 RT41.B53 00823 02/15/2021 c.5 02/15/2021 Books ekp 15/02/21
Copyright © 2025 PHNS Library. All Rights Reserved.